000 00295nam a22001337a 4500
999 _c12902
_d12902
020 _a9789332585607
082 _a004.22
100 _aMano, M.Morris
245 _aComputer System Architecture
250 _a3rd edition
260 _aIndia
_bPearson
_c2017
300 _a586 pages.
942 _cBK